000 00589nam a22002057a 4500
003 DO-SdBNP
005 20210830102115.0
008 210830b 2021 dr 00| 0 eng d
020 _a9789945627299
040 _aDO-SdBNP
_bspa
_cBNPHU
100 1 _aRamos, Emelda,
_d1948-
_91915
245 1 _aCuentos diminutos /
_cEmelda Ramos
250 _a2a ed.
260 _aSanto Domingo :
_bSantuario ;
_c2021
300 _a89 p. ;
_c23 cm.
500 _aIncluye datos biográficos de la autora en la solapa de la cubierta
590 _aInventariado, 2021/BT
910 _aBtavárez
942 _2ddc
_cLBS1
999 _c50317
_d50317